Ganadores de Eurovisión (1956-2024) - Estadísticas

Estadísticas generales
  • Esta prueba ha sido intentada 155 veces
    78 desde el último reinicio
  • La puntuación promedio es 43 de 68
Estadísticas de respuestas
Hint Respuesta % Correcto
2021 Italia
90%
2024 Suiza
90%
2022 Ucrania
90%
2019 Países Bajos
88%
1968 España
86%
2017 Portugal
86%
2023 Suecia
86%
1956 Suiza
86%
2018 Israel
84%
2012 Suecia
84%
2016 Ucrania
84%
2014 Austria
82%
2010 Alemania
80%
2009 Noruega
78%
2015 Suecia
78%
2005 Grecia
76%
2013 Dinamarca
75%
2001 Estonia
75%
2006 Finlandia
75%
2008 Rusia
75%
2007 Serbia
75%
2003 Turquía
75%
2004 Ucrania
75%
2002 Letonia
73%
1958 Francia
69%
1993 Irlanda
67%
1994 Irlanda
67%
1998 Israel
67%
1957 Países Bajos
67%
1974 Suecia
67%
2000 Dinamarca
65%
1992 Irlanda
65%
1996 Irlanda
65%
2011 Azerbayán
63%
1965 Luxemburgo
61%
1995 Noruega
61%
1997 Reino Unido
61%
1999 Suecia
61%
1960 Francia
59%
1979 Israel
59%
1990 Italia
59%
1961 Luxemburgo
57%
1991 Suecia
57%
1986 Bélgica
55%
1959 Países Bajos
55%
1989 Yugoslavia
55%
1980 Irlanda
51%
1987 Irlanda
51%
1978 Israel
51%
1964 Italia
51%
1983 Luxemburgo
51%
1967 Reino Unido
51%
1963 Dinamarca
49%
1962 Francia
49%
1970 Irlanda
49%
1988 Suiza
49%
1972 Luxemburgo
47%
1973 Luxemburgo
45%
1984 Suecia
45%
1982 Alemania
43%
1966 Austria
43%
1971 Mónaco
43%
1977 Francia
41%
1985 Noruega
41%
1976 Reino Unido
37%
1981 Reino Unido
37%
1975 Países Bajos
33%
1969 España - Reino Unido - Francia - Países Bajos
10%
No se encontraron pruebas coincidentes
Distribución de puntuación
Porcentaje de gente con cada puntuación
Porcentaje por número respondido
Historial de tus puntuaciones
No has intentado esta prueba desde el último reinicio